Getaran (Record no. 52923)

MARC details
000 -LEADER
fixed length control field 00622nam a2200241 i 4500
001 - CONTROL NUMBER
control field C2-0237230
003 - CONTROL NUMBER IDENTIFIER
control field PPAK
005 - DATE AND TIME OF LATEST TRANSACTION
control field 20180727200810.0
008 - FIXED-LENGTH DATA ELEMENTS--GENERAL INFORMATION
fixed length control field 011206s2001 my |||| ||||| | may d
020 ## - INTERNATIONAL STANDARD BOOK NUMBER
International Standard Book Number 9838934518
040 ## - CATALOGING SOURCE
Original cataloging agency PPAK
Language of cataloging eng
Transcribing agency PPAK
Description conventions rda
082 04 - DEWEY DECIMAL CLASSIFICATION NUMBER
Classification number 899.233
Edition number 23
090 00 - LOCALLY ASSIGNED LC-TYPE CALL NUMBER (OCLC); LOCAL CALL NUMBER (RLIN)
Classification number (OCLC) (R) ; Classification number, CALL (RLIN) (NR) 899.233
Feature heading SUL
Feature heading G
100 0# - MAIN ENTRY--PERSONAL NAME
Personal name Sulaiman Salleh,
Relator term author
245 10 - TITLE STATEMENT
Title Getaran
264 #1 - PRODUCTION, PUBLICATION, DISTRIBUTION, MANUFACTURE, AND COPYRIGHT NOTICE
Place of production, publication, distribution, manufacture Kuala Lumpur :
Name of producer, publisher, distributor, manufacturer Creative Enterprise ,
Date of production, publication, distribution, manufacture, or copyright notice 2001
300 ## - PHYSICAL DESCRIPTION
Extent 227 pages ;
Dimensions 18 cm
336 ## - CONTENT TYPE
Source rdacontent
Content type term text
337 ## - MEDIA TYPE
Source rdamedia
Media type term unmediated
338 ## - CARRIER TYPE
Source rdacarrier
Carrier type term volume
650 10 - SUBJECT ADDED ENTRY--TOPICAL TERM
Topical term or geographic name entry element Malay fiction
942 ## - ADDED ENTRY ELEMENTS (KOHA)
-- dc
Koha item type Book
Holdings
Withdrawn Not for loan Current library Shelving location Date acquired Full call number Barcode Date last seen Koha item type Total Checkouts
    Perpustakaan Awam Sungai Petani Pinjaman Dewasa 14/02/2002 899.233 SUL A00985831 08/05/2018 Book  
    Perpustakaan Baling Pinjaman Dewasa 17/04/2003 899.233 SUL A01044954 08/05/2018 Book  
    Perpustakaan Baling Pinjaman Dewasa 17/04/2003 899.233 SUL A01044955 08/05/2018 Book  
    Perpustakaan Bandar Baharu Pinjaman Dewasa 14/02/2002 899.233 SUL A00985840 08/05/2018 Book  
    Perpustakaan Bandar Baharu Pinjaman Dewasa 14/02/2002 899.233 SUL A00985841 08/05/2018 Book  
    Perpustakaan Kuala Nerang Pinjaman Dewasa 26/06/2003 899.233 SUL A01029560 08/05/2018 Book  
    Perpustakaan Kulim Pinjaman Dewasa 14/02/2002 899.233 SUL A00985836 08/05/2018 Book  
    Perpustakaan Kulim Pinjaman Dewasa 14/02/2002 899.233 SUL A00985837 08/05/2018 Book  
    Perpustakaan Langkawi Pinjaman Dewasa 14/02/2002 899.233 SUL A00985834 08/05/2018 Book  
    Bergerak 1, Alor Setar Pinjaman Dewasa 14/02/2002 899.233 SUL A00985844 08/05/2018 Book  
    Bergerak 1, Alor Setar Pinjaman Dewasa 14/02/2002 899.233 SUL A00985843 08/05/2018 Book  
    Bergerak 3, Baling Pinjaman Dewasa 14/02/2002 899.233 SUL A00985847 08/05/2018 Book  
    Bergerak 3, Baling Pinjaman Dewasa 14/02/2002 899.233 SUL A00985848 08/05/2018 Book  
    Bergerak 4, Sungai Petani Pinjaman Dewasa 14/02/2002 899.233 SUL A00985849 08/05/2018 Book  
    Bergerak 4, Sungai Petani Pinjaman Dewasa 14/02/2002 899.233 SUL A00985850 08/05/2018 Book  
    PD03, Kg. Pulau Pisang, Jitra Pinjaman Dewasa 26/06/2003 899.233 SUL A01029559 08/05/2018 Book  
    PD11, Felda Teloi Kanan, Kuala Ketil Pinjaman Dewasa 26/06/2003 899.233 SUL A01029561 08/05/2018 Book  
    PD13, KEDA Lahar Tunjung, Pendang Pinjaman Dewasa 26/06/2003 899.233 SUL A01029562 08/05/2018 Book  
    PD14, Felda Sungai Tiang, Pendang Pinjaman Dewasa 26/06/2003 899.233 SUL A01029563 08/05/2018 Book  
    PD15, Kg. Naga, Kepala Batas Pinjaman Dewasa 26/06/2003 899.233 SUL A01029564 08/05/2018 Book  
    PD20, Felda Lubuk Merbau, Pendang Pinjaman Dewasa 26/06/2003 899.233 SUL A01029565 08/05/2018 Book  
    PD21, Kg. Tengah, Jerlun Pinjaman Dewasa 26/06/2003 899.233 SUL A01029566 08/05/2018 Book  
    PD23, Taman Mas Merah, Titi Gajah, Alor Setar Pinjaman Dewasa 26/06/2003 899.233 SUL A01029567 08/05/2018 Book  
    PD24, Felda Bukit Tangga, Bukit Kayu Hitam Pinjaman Dewasa 26/06/2003 899.233 SUL A01029568 08/05/2018 Book